Toán cao cấp đại số tuyến tính

Salvato in:
Dettagli Bibliografici
Natura: Libro
Tags: Aggiungi Tag
Nessun Tag, puoi essere il primo ad aggiungerne! !
Thư viện lưu trữ: Mạng thư viện Đại học Đà Nẵng
LEADER 00637nam a2200193 4500
001 000007862
003 4032
005 20150812140839.0
008 111012s sd
245 0 0 |a Toán cao cấp đại số tuyến tính  |c Đỗ Công Khanh 
774 |a Đỗ Công Khanh  |d Đại học Quốc gia Tp.Hồ Chí Minh  |d Tp. Hồ Chí Minh  |d 2002  |g Toán 2  |h 251tr  |t Toán cao cấp đại số tuyến tính  |w 4034 
OWN |a LSP 
999 |a From the UDN01 
TYP |a Monograph 
TYP |a Printed language 
980 |a Mạng thư viện Đại học Đà Nẵng